[Event "Mittelfranken-ch QT"]
[Site "Nuremberg"]
[Date "2015.04.04"]
[Round "7"]
[White "Haesslein, Rainer"]
[Black "Schanz, Karlheinz"]
[Result "0-1"]
[WhiteElo "1510"]
[BlackElo "1905"]
[PlyCount "112"]
[EventDate "2015.04.01"]
[EventType "swiss"]
[EventRounds "7"]
[EventCountry "GER"]
[SourceTitle "CBM 166 Extra"]
[Source "ChessBase"]
[SourceDate "2015.06.18"]
[SourceVersion "1"]
[SourceVersionDate "2015.06.18"]
[SourceQuality "1"]

1. e4 d5 2. e5 Bf5 3. f4 h6 4. d4 e6 5. Nf3 Ne7 6. c4 dxc4 7. Bxc4 Nd5 8. 0-0 c6 9. Nc3 Nd7 10. Nxd5 cxd5 11. Bd3 Bxd3 12. Qxd3 Nb6 13. b3 Qd7 14. Bd2 Be7 15. Rac1 0-0 16. Rc2 Rac8 17. Rfc1 Rxc2 18. Rxc2 Rc8 19. Ba5 Bd8 20. Rc5 Be7 21. Bxb6 Bxc5 22. Bxc5 b6 23. Ba3 Qc6 24. Ne1 a5 25. Bb2 a4 26. bxa4 Qxa4 27. Qb3 Qa6 28. Nd3 Ra8 29. Kf2 Qxa2 30. Qxa2 Rxa2 31. Ke2 Kf8 32. Kd2 Ke7 33. Kc3 Ra4 34. Nb4 Kd7 35. f5 Ra8 36. g4 g6 37. f6 g5 38. Kb3 Kc7 39. Nd3 Kb7 40. Kb4 Kc6 41. Ne1 Ra2 42. Kb3 Ra8 43. Nf3 Kb5 44. Ba3 Rc8 45. h4 gxh4 46. g5 hxg5 47. Nxg5 Rg8 48. Bc1 h3 49. Nxf7 h2 50. Nd6+ Kc6 51. f7 Rg3+ 52. Kb4 Rf3 53. Bh6 h1Q 54. Nc4 Qb1+ 55. Ka4 Qc2+ 56. Kb4 Qxc4# 0-1

[Event "Mittelfranken-ch HT 61st"]
[Site "Weissenburg"]
[Date "2012.04.02"]
[Round "1"]
[White "Haesslein, Rainer"]
[Black "Gerl, Hans Peter"]
[Result "0-1"]
[WhiteElo "1497"]
[BlackElo "1912"]
[PlyCount "68"]
[EventDate "2012.04.02"]
[EventType "swiss"]
[EventRounds "7"]
[EventCountry "GER"]
[SourceTitle "EXT 2015"]
[Source "ChessBase"]
[SourceDate "2014.11.20"]
[SourceVersion "1"]
[SourceVersionDate "2014.11.20"]
[SourceQuality "1"]

1. e4 c5 2. c3 Nf6 3. e5 Nd5 4. Bc4 Nb6 5. Bb3 Nc6 6. Nf3 e6 7. d4 d5 8. h4 Be7 9. Bc2 Qc7 10. Be3 Nc4 11. Bc1 Bd7 12. b3 Nb6 13. Ng5 Bxg5 14. Bxg5 cxd4 15. cxd4 Nxd4 16. Bxh7 Qxe5+ 17. Be3 Nxb3 18. Qxb3 Qxa1 19. 0-0 Qe5 20. Bd3 Rxh4 21. Rc1 d4 22. g3 dxe3 23. gxh4 exf2+ 24. Kf1 Qh2 25. Qb2 Qh3+ 26. Ke2 Nd5 27. Qxg7 Qe3+ 28. Kf1 Qxc1+ 29. Kxf2 Qe3+ 30. Kg2 0-0-0 31. h5 Qxd3 32. h6 Qg6+ 33. Qxg6 fxg6 34. Nd2 Rh8 0-1

[Event "Mittelfranken-ch HT 60th"]
[Site "Buechenbach/Roth"]
[Date "2011.04.22"]
[Round "8"]
[White "Haesslein, Rainer"]
[Black "Schanz, Karlheinz"]
[Result "0-1"]
[WhiteElo "1519"]
[BlackElo "1817"]
[PlyCount "96"]
[EventDate "2011.04.19"]
[EventType "swiss"]
[EventRounds "9"]
[EventCountry "GER"]
[SourceTitle "CBM 142 Extra"]
[Source "ChessBase"]
[SourceDate "2011.06.27"]
[SourceVersion "1"]
[SourceVersionDate "2011.06.27"]
[SourceQuality "1"]

1. e4 d5 2. exd5 Qxd5 3. Nc3 Qa5 4. d3 c6 5. h3 Nf6 6. Bd2 Qc7 7. Nf3 e5 8. Qe2 Bd6 9. Ne4 Nxe4 10. dxe4 h6 11. 0-0-0 0-0 12. g4 Bc5 13. g5 h5 14. Nh4 g6 15. Bg2 Kg7 16. Rdf1 Be6 17. f4 exf4 18. Bxf4 Qa5 19. Be5+ Kg8 20. Bf3 Qxa2 21. b3 Rd8 22. Bb2 Ba3 23. Bxa3 Qxa3+ 24. Kb1 Na6 25. Rd1 Nb4 26. c4 Qxb3+ 27. Qb2 Qxb2+ 28. Kxb2 Bxc4 29. Kc3 Nd5+ 30. exd5 cxd5 31. Rd4 Rac8 32. Kb4 b6 33. Bd1 a5+ 34. Ka3 Re8 35. Rh2 b5 36. Nf3 Re3+ 37. Kb2 a4 38. Nd2 a3+ 39. Ka1 b4 40. Nxc4 dxc4 41. Rhd2 b3 42. Be2 c3 43. Rd8+ Rxd8 44. Rxd8+ Kg7 45. Bd3 Re1+ 46. Bb1 c2 47. Rd1 Rxd1 48. h4 Rxb1# 0-1

[Event "Mittelfranken-ch HT 60th"]
[Site "Buechenbach/Roth"]
[Date "2011.04.22"]
[Round "7"]
[White "Haesslein, Rainer"]
[Black "Werner, Thomas1111"]
[Result "0-1"]
[WhiteElo "1519"]
[BlackElo "1923"]
[PlyCount "76"]
[EventDate "2011.04.19"]
[EventType "swiss"]
[EventRounds "9"]
[EventCountry "GER"]
[SourceTitle "CBM 142 Extra"]
[Source "ChessBase"]
[SourceDate "2011.06.27"]
[SourceVersion "1"]
[SourceVersionDate "2011.06.27"]
[SourceQuality "1"]

1. e4 c6 2. e5 d5 3. d4 c5 4. c3 Nc6 5. f4 cxd4 6. cxd4 Qb6 7. Be3 Qxb2 8. Nd2 Bf5 9. Nb3 e6 10. Bb5 Bb4+ 11. Kf1 Nge7 12. Rc1 0-0 13. Bd3 Rfc8 14. Rc2 Bxd3+ 15. Qxd3 Qa3 16. Kf2 Na5 17. Rxc8+ Rxc8 18. Nf3 Qxa2+ 19. Nbd2 Nf5 20. Re1 Nc4 21. Re2 Ncxe3 22. Qb5 Ng4+ 23. Kg1 Rc1+ 24. Nf1 Qa3 25. Qe8+ Bf8 26. Ng5 Rxf1+ 27. Kxf1 Qc1+ 28. Re1 Qxf4+ 29. Nf3 Nxh2+ 30. Ke2 Nxf3 31. gxf3 Qe3+ 32. Kd1 Qxd4+ 33. Kc1 Qc3+ 34. Kb1 Qxe1+ 35. Kb2 Qb4+ 36. Kc1 a5 37. f4 a4 38. Qxf8+ Kxf8 0-1

[Event "Mittelfranken-ch HT 60th"]
[Site "Buechenbach/Roth"]
[Date "2011.04.21"]
[Round "6"]
[White "Alt, Norbert"]
[Black "Haesslein, Rainer"]
[Result "1-0"]
[WhiteElo "1885"]
[BlackElo "1519"]
[PlyCount "53"]
[EventDate "2011.04.19"]
[EventType "swiss"]
[EventRounds "9"]
[EventCountry "GER"]
[SourceTitle "CBM 142 Extra"]
[Source "ChessBase"]
[SourceDate "2011.06.27"]
[SourceVersion "1"]
[SourceVersionDate "2011.06.27"]
[SourceQuality "1"]

1. d4 g6 2. Nf3 Bg7 3. e3 e6 4. Bd3 d5 5. Nbd2 b6 6. Qe2 Bb7 7. 0-0 Ne7 8. c3 0-0 9. e4 c6 10. exd5 cxd5 11. Ne5 Nd7 12. Ndf3 Nxe5 13. Nxe5 Bc8 14. Bf4 Re8 15. Rfe1 f6 16. Nf3 h6 17. h3 g5 18. Bh2 h5 19. Bc2 Bd7 20. Qd3 g4 21. Qh7+ Kf8 22. hxg4 hxg4 23. Nh4 e5 24. dxe5 fxe5 25. Bxe5 Bxe5 26. Rxe5 Qc7 27. Bg6 1-0

[Event "Mittelfranken-ch QT 55th"]
[Site "Postbauer"]
[Date "2006.04.12"]
[Round "2"]
[White "Haesslein, Rainer"]
[Black "Janku, Joerg"]
[Result "1-0"]
[WhiteElo "1539"]
[BlackElo "1198"]
[PlyCount "62"]
[EventDate "2006.04.12"]
[EventType "swiss"]
[EventRounds "7"]
[EventCountry "GER"]
[SourceTitle "EXT 2015"]
[Source "ChessBase"]
[SourceDate "2014.11.20"]
[SourceVersion "1"]
[SourceVersionDate "2014.11.20"]
[SourceQuality "1"]

1. e4 e5 2. Bc4 Nf6 3. Nf3 Nc6 4. Ng5 d5 5. exd5 Nxd5 6. Nxf7 Kxf7 7. Qf3+ Ke8 8. Bxd5 Qf6 9. Qxf6 gxf6 10. Bxc6+ bxc6 11. 0-0 Rg8 12. Kh1 Bb7 13. Nc3 f5 14. d3 a6 15. Re1 Bd6 16. Bf4 c5 17. f3 e4 18. Bxd6 cxd6 19. dxe4 fxe4 20. Nxe4 Ke7 21. Nxc5+ Kd8 22. Nxb7+ Kc7 23. Re7+ Kb6 24. Nxd6 Kc6 25. Ne4 Rab8 26. b3 Rg6 27. Rxh7 Rbg8 28. g3 Kd5 29. Rd7+ Ke5 30. Rad1 Rf8 31. R1d5+ Ke6 1-0

[Event "Mittelfranken-ch QT 53rd"]
[Site "Lauf"]
[Date "2004.04.10"]
[Round "7"]
[White "Steierer, Thomas"]
[Black "Haesslein, Rainer"]
[Result "0-1"]
[WhiteElo "1341"]
[BlackElo "1488"]
[PlyCount "100"]
[EventDate "2004.04.07"]
[EventType "swiss"]
[EventRounds "7"]
[EventCountry "GER"]
[SourceTitle "EXT 2015"]
[Source "ChessBase"]
[SourceDate "2014.11.20"]
[SourceVersion "1"]
[SourceVersionDate "2014.11.20"]
[SourceQuality "1"]

1. Nf3 g6 2. g3 Bg7 3. Bg2 d6 4. 0-0 e6 5. c4 b6 6. Nd4 Bxd4 7. Bxa8 c6 8. e3 Bg7 9. Qa4 Ne7 10. Qxa7 Nd7 11. Qa4 Qc7 12. d4 0-0 13. Nc3 Nf6 14. b4 Bd7 15. b5 Rc8 16. bxc6 Nxc6 17. Bxc6 Bxc6 18. Nb5 Qd7 19. Qb4 Bf3 20. Qxd6 Qb7 21. Re1 Qe4 22. Qf4 Qxf4 23. gxf4 Ne4 24. Ba3 Bf8 25. Bxf8 Kxf8 26. Rac1 Ke7 27. Na3 g5 28. fxg5 Nxg5 29. h4 Ne4 30. Kh2 h5 31. Rc2 Rg8 32. Rg1 Ra8 33. Nb5 Nf6 34. Rg3 Ng4+ 35. Kg1 Be4 36. Rd2 Bc6 37. Rb2 Ra4 38. c5 bxc5 39. dxc5 Rc4 40. Kf1 Rxc5 41. Nd4 Bd5 42. a4 Rc1+ 43. Ke2 Bc4+ 44. Kd2 Ra1 45. a5 Bd5 46. Rb5 Nxf2 47. Rg8 Ne4+ 48. Kd3 Ra2 49. Nf5+ Kf6 50. Ng3 Rd2# 0-1

[Event "Mittelfranken-ch QT 53rd"]
[Site "Lauf"]
[Date "2004.04.09"]
[Round "5"]
[White "Stahl, Peter1111"]
[Black "Haesslein, Rainer"]
[Result "0-1"]
[WhiteElo "836"]
[BlackElo "1488"]
[PlyCount "64"]
[EventDate "2004.04.07"]
[EventType "swiss"]
[EventRounds "7"]
[EventCountry "GER"]
[SourceTitle "EXT 2015"]
[Source "ChessBase"]
[SourceDate "2014.11.20"]
[SourceVersion "1"]
[SourceVersionDate "2014.11.20"]
[SourceQuality "1"]

1. e4 e5 2. Nf3 Nc6 3. Nc3 Nf6 4. d4 exd4 5. Nxd4 Bc5 6. Nxc6 bxc6 7. Bc4 0-0 8. 0-0 d6 9. Bf4 Rb8 10. e5 Bg4 11. Be2 Bxe2 12. Nxe2 Nd5 13. b3 Re8 14. Nd4 Qd7 15. Ne2 dxe5 16. Be3 Bxe3 17. fxe3 Qg4 18. Ng3 Nxe3 19. Qxg4 Nxg4 20. Rfd1 Rbd8 21. Rxd8 Rxd8 22. Re1 Re8 23. h3 Nh6 24. Nh5 e4 25. Kf2 f5 26. c4 Kf7 27. Kg3 g5 28. h4 f4+ 29. Kf2 Kg6 30. hxg5 Ng4+ 31. Kg1 Kxh5 32. a4 Kxg5 0-1

[Event "Mittelfranken-ch QT 53rd"]
[Site "Lauf"]
[Date "2004.04.07"]
[Round "1"]
[White "Thuerauf, Peter"]
[Black "Haesslein, Rainer"]
[Result "1-0"]
[WhiteElo "1790"]
[BlackElo "1488"]
[PlyCount "83"]
[EventDate "2004.04.07"]
[EventType "swiss"]
[EventRounds "7"]
[EventCountry "GER"]
[SourceTitle "EXT 2015"]
[Source "ChessBase"]
[SourceDate "2014.11.20"]
[SourceVersion "1"]
[SourceVersionDate "2014.11.20"]
[SourceQuality "1"]

1. Nf3 g6 2. d4 Bg7 3. c4 d6 4. e4 e6 5. Nc3 a6 6. g3 b6 7. Bg2 Bb7 8. 0-0 Ne7 9. Re1 Nd7 10. a4 0-0 11. Bg5 h6 12. Be3 f5 13. e5 dxe5 14. dxe5 Nxe5 15. Nxe5 Bxg2 16. Nxg6 Nxg6 17. Kxg2 Qxd1 18. Raxd1 Bxc3 19. bxc3 f4 20. gxf4 Nxf4+ 21. Kg3 Nh5+ 22. Kh4 Ng7 23. Rg1 Rf7 24. Bxh6 Kh7 25. Rxg7+ Rxg7 26. Bxg7 Kxg7 27. Rd7+ Kf6 28. Rxc7 Kf5 29. Kg3 Ke4 30. Rg7 Kd3 31. Re7 Rg8+ 32. Kh3 Rh8+ 33. Kg2 Rh6 34. Ra7 Kxc4 35. Rxa6 e5 36. a5 Rg6+ 37. Kf3 Kxc3 38. axb6 Kd3 39. b7 Rxa6 40. b8Q e4+ 41. Kg4 Ra4 42. Qb3+ 1-0

[Event "Mittelfranken-ch QT 52nd"]
[Site "Uttenreuth"]
[Date "2003.04.19"]
[Round "7"]
[White "Zippel, Harald"]
[Black "Haesslein, Rainer"]
[Result "1-0"]
[WhiteElo "1779"]
[BlackElo "1537"]
[PlyCount "75"]
[EventDate "2003.04.16"]
[EventType "swiss"]
[EventRounds "7"]
[EventCountry "GER"]
[SourceTitle "EXT 2015"]
[Source "ChessBase"]
[SourceDate "2014.11.20"]
[SourceVersion "1"]
[SourceVersionDate "2014.11.20"]
[SourceQuality "1"]

1. e4 f5 2. exf5 Kf7 3. Qh5+ g6 4. fxg6+ Kg7 5. gxh7 Nf6 6. Qg5+ Kf7 7. Nf3 d6 8. Bd3 Bg7 9. Qg6+ Kf8 10. Ng5 Qe8 11. Qxe8+ Kxe8 12. Bg6+ Kd7 13. Nf7 Rf8 14. h8Q Bxh8 15. Nxh8 Rxh8 16. d4 Nc6 17. Be3 Kd8 18. Bd3 e5 19. dxe5 Nxe5 20. Nc3 Rg8 21. Bf1 b6 22. f3 Bb7 23. 0-0-0 Nxf3 24. gxf3 Bxf3 25. Bd3 Bxh1 26. Rxh1 Kd7 27. Bf5+ Kc6 28. h4 Rae8 29. Bg5 Nh5 30. Be4+ Kd7 31. Bf3 Rh8 32. Ne4 Ke6 33. Bxh5 Rxh5 34. Nf6 Rxg5 35. hxg5 Re7 36. Re1+ Kf7 37. Rxe7+ Kxe7 38. Nd5+ 1-0

[Event "Mittelfranken-ch QT 52nd"]
[Site "Uttenreuth"]
[Date "2003.04.17"]
[Round "3"]
[White "Wissmeier, Bernd"]
[Black "Haesslein, Rainer"]
[Result "0-1"]
[WhiteElo "1760"]
[BlackElo "1537"]
[PlyCount "180"]
[EventDate "2003.04.16"]
[EventType "swiss"]
[EventRounds "7"]
[EventCountry "GER"]
[SourceTitle "EXT 2015"]
[Source "ChessBase"]
[SourceDate "2014.11.20"]
[SourceVersion "1"]
[SourceVersionDate "2014.11.20"]
[SourceQuality "1"]

1. e4 g6 2. d4 Bg7 3. c3 d6 4. f4 Nf6 5. e5 dxe5 6. fxe5 Nd5 7. Bc4 c6 8. Nf3 Bf5 9. 0-0 Nd7 10. Ng5 N7b6 11. Nxf7 Kxf7 12. Rxf5+ gxf5 13. Qh5+ Kg8 14. Bb3 e6 15. Bg5 Qe8 16. Qf3 h6 17. Bd2 Qg6 18. h3 h5 19. c4 Nc7 20. Nc3 Bh6 21. Be1 Rd8 22. Rd1 Qg5 23. Bf2 Rh7 24. a4 a5 25. Kh1 Nba8 26. d5 cxd5 27. cxd5 Nxd5 28. Bxd5 exd5 29. Nxd5 Kh8 30. Be3 Qg8 31. Bxh6 Rxh6 32. Nf6 Rxd1+ 33. Qxd1 Qc8 34. Qd2 Rg6 35. Qd1 Rh6 36. Qd2 Qf8 37. Qd7 Nb6 38. Qxb7 Nxa4 39. Qb5 Nc5 40. Qxa5 Ne4 41. Nxe4 fxe4 42. Qd5 Qf1+ 43. Kh2 Qf4+ 44. Kg1 Rg6 45. e6 Qc1+ 46. Kh2 Qc7+ 47. Kg1 Qe7 48. Qxh5+ Kg7 49. Qe5+ Kg8 50. Qxe4 Qxe6 51. Qd3 Qb6+ 52. Kh1 Qc6 53. Qd8+ Kf7 54. Qd2 Qd6 55. Qe2 Re6 56. Qc4 Ke8 57. Qc8+ Ke7 58. Qb7+ Kf6 59. Qf3+ Kg7 60. Qg4+ Rg6 61. Qe2 Qc6 62. Qe7+ Kg8 63. Qe2 Qc1+ 64. Kh2 Qf4+ 65. Kh1 Rd6 66. Qe8+ Kg7 67. Qe7+ Kg6 68. Qe8+ Kf5 69. Qc8+ Ke5 70. Qc3+ Rd4 71. Qa5+ Ke4 72. Qe1+ Kf5 73. Qb1+ Kg5 74. Qe1 Rd2 75. Qe7+ Kg6 76. Qe8+ Kf6 77. Qf8+ Ke5 78. Qb8+ Ke4 79. Qb4+ Ke3 80. Qe7+ Kd3 81. Qh7+ Kc4 82. Qg8+ Kb4 83. Qg4 Qxg4 84. hxg4 Kc4 85. Kh2 Kd5 86. Kh3 Rxb2 87. g5 Ke5 88. g4 Kf4 89. g6 Kg5 90. g7 Rb8 0-1

[Event "Mittelfranken-ch QT 50th"]
[Site "Buechenbach"]
[Date "2001.??.??"]
[Round "6"]
[White "Haesslein, Rainer"]
[Black "Ruderer, Thomas"]
[Result "0-1"]
[WhiteElo "1621"]
[BlackElo "1782"]
[PlyCount "44"]
[EventDate "2001.04.11"]
[EventType "swiss"]
[EventRounds "7"]
[EventCountry "GER"]
[SourceTitle "EXT 2015"]
[Source "ChessBase"]
[SourceDate "2014.11.20"]
[SourceVersion "1"]
[SourceVersionDate "2014.11.20"]
[SourceQuality "1"]

1. h3 d5 2. g4 b6 3. Bg2 Bb7 4. c4 e6 5. cxd5 exd5 6. e3 Ne7 7. Ne2 Nd7 8. Nbc3 c6 9. b3 Ng6 10. Bb2 Nh4 11. Rg1 Ne5 12. Nd4 Nd3+ 13. Ke2 Nxb2 14. Qc2 Nxg2 15. Rxg2 c5 16. Nf3 Ba6+ 17. Ke1 Nd3+ 18. Kd1 Qf6 19. Rg3 Nxf2+ 20. Kc1 Bd6 21. g5 Nd3+ 22. Kd1 Qf5 0-1

[Event "Mittelfranken-ch QT 50th"]
[Site "Buechenbach"]
[Date "2001.??.??"]
[Round "4"]
[White "Haesslein, Rainer"]
[Black "Schuster, Norbert"]
[Result "1-0"]
[WhiteElo "1621"]
[BlackElo "1471"]
[PlyCount "73"]
[EventDate "2001.04.11"]
[EventType "swiss"]
[EventRounds "7"]
[EventCountry "GER"]
[SourceTitle "EXT 2015"]
[Source "ChessBase"]
[SourceDate "2014.11.20"]
[SourceVersion "1"]
[SourceVersionDate "2014.11.20"]
[SourceQuality "1"]

1. d4 d5 2. c4 c6 3. e3 e6 4. Nc3 Bb4 5. Bd2 Nf6 6. Nf3 0-0 7. a3 Be7 8. c5 b6 9. b4 a5 10. Bd3 axb4 11. axb4 Rxa1 12. Qxa1 h6 13. 0-0 Nbd7 14. h3 Qc7 15. Ne2 bxc5 16. bxc5 Bb7 17. Rc1 Ra8 18. Qb2 Rb8 19. Ra1 Ba6 20. Qc2 Bxd3 21. Qxd3 e5 22. dxe5 Ne4 23. Ba5 Qa7 24. Bc3 Qxc5 25. Bd4 Qb4 26. Nf4 c5 27. Nxd5 Qb7 28. Qxe4 Kf8 29. Qh7 Ke8 30. Nxe7 Kxe7 31. e6 Nf8 32. Bxc5+ Kf6 33. Bxf8 Rxf8 34. Qb1 Qd5 35. Qb2+ Ke7 36. Qxg7 Qxe6 37. Ra7+ 1-0